000 00579nam a2200193Ia 4500
003 GCL
008 140319s9999 xx 000 0 ara d
040 _aGCL /
_cGCL
082 0 4 _a813.009
_bص ا
100 1 _aصلاح فضل
245 1 0 _aاساليب السرد فى الرواية العربية /
_cصلاح فضل
260 _a[S.N] :
_bدار سعاد الصباح ،
_c1992
300 _a223 ص
490 _aسلسلة دراسات نقدية
_v0
650 0 4 _aالادب العربى
650 0 4 _aالقصة
650 0 4 _aتاريخ ونقد
942 _2ddc
_cBK
999 _c29633
_d29633